Countries Of The World in Backwards Order - Statistics

General Stats
  • This quiz has been taken 12 times
  • The average score is 93 of 196
Answers on the Map
Answers color-coded by a green-red scale on the quiz's map according to % correct below.
 
Answer Stats
Answer % Correct
United Kingdom
100%
United States
100%
Uruguay
100%
Vatican City
100%
Venezuela
100%
Vietnam
100%
Yemen
100%
Zambia
100%
Zimbabwe
100%
Uganda
88%
Ukraine
88%
United Arab Emirates
88%
Uzbekistan
88%
Vanuatu
88%
South Sudan
75%
Sudan
75%
Suriname
75%
Sweden
75%
Switzerland
75%
Syria
75%
Tajikistan
75%
Tanzania
75%
Thailand
75%
Togo
75%
Tonga
75%
Trinidad And Tobago
75%
Tunisia
75%
Turkey
75%
Turkmenistan
75%
Tuvalu
75%
North Macedonia
63%
Norway
63%
Oman
63%
Panama
63%
Portugal
63%
Qatar
63%
Romania
63%
Russia
63%
Rwanda
63%
Senegal
63%
Serbia
63%
Seychelles
63%
Sierra Leone
63%
Singapore
63%
Slovakia
63%
Slovenia
63%
Solomon Islands
63%
Somalia
63%
South Africa
63%
South Korea
63%
Spain
63%
Sri Lanka
63%
Mali
50%
Mexico
50%
Montenegro
50%
Mozambique
50%
Namibia
50%
Nauru
50%
Netherlands
50%
New Zealand
50%
Nicaragua
50%
Pakistan
50%
Palau
50%
Papua New Guinea
50%
Paraguay
50%
Peru
50%
Philippines
50%
Poland
50%
Republic Of The Congo
50%
Saint Kitts And Nevis
50%
Saint Lucia
50%
Saint Vincent And The Grenadines
50%
Samoa
50%
San Marino
50%
Sao Tome And Principe
50%
Taiwan
50%
Afghanistan
38%
Albania
38%
Algeria
38%
Azerbaijan
38%
Bahamas
38%
Belgium
38%
Belize
38%
Benin
38%
Bhutan
38%
Bolivia
38%
Bosnia And Herzegovina
38%
Botswana
38%
Brazil
38%
Brunei
38%
Bulgaria
38%
Burkina Faso
38%
Burundi
38%
Cambodia
38%
Cameroon
38%
Canada
38%
Cape Verde
38%
Chad
38%
Chile
38%
China
38%
Croatia
38%
Cyprus
38%
Czech Republic
38%
Democratic Republic Of The Congo
38%
Denmark
38%
Djibouti
38%
Dominica
38%
Dominican Republic
38%
East Timor
38%
El Salvador
38%
Equatorial Guinea
38%
Eritrea
38%
Estonia
38%
Eswatini
38%
Ethiopia
38%
Fiji
38%
Finland
38%
France
38%
Gabon
38%
Gambia
38%
Georgia
38%
Germany
38%
Ghana
38%
Greece
38%
Guinea
38%
Guinea-Bissau
38%
Guyana
38%
Haiti
38%
Honduras
38%
Hungary
38%
Iceland
38%
India
38%
Indonesia
38%
Iran
38%
Iraq
38%
Ireland
38%
Italy
38%
Ivory Coast
38%
Jamaica
38%
Japan
38%
Jordan
38%
Kazakhstan
38%
Kenya
38%
Kiribati
38%
Kosovo
38%
Kyrgyzstan
38%
Laos
38%
Latvia
38%
Liberia
38%
Libya
38%
Lithuania
38%
Luxembourg
38%
Malawi
38%
Malaysia
38%
Maldives
38%
Malta
38%
Marshall Islands
38%
Mauritania
38%
Mauritius
38%
Moldova
38%
Monaco
38%
Mongolia
38%
Myanmar
38%
Nepal
38%
Niger
38%
Nigeria
38%
North Korea
38%
Saudi Arabia
38%
Andorra
25%
Angola
25%
Antigua And Barbuda
25%
Argentina
25%
Armenia
25%
Australia
25%
Austria
25%
Bahrain
25%
Bangladesh
25%
Barbados
25%
Belarus
25%
Central African Republic
25%
Colombia
25%
Comoros
25%
Costa Rica
25%
Cuba
25%
Ecuador
25%
Egypt
25%
Federated States Of Micronesia
25%
Grenada
25%
Guatemala
25%
Israel
25%
Kuwait
25%
Lebanon
25%
Lesotho
25%
Liechtenstein
25%
Madagascar
25%
Morocco
25%
No matching quizzes found
Score Distribution
Percent of People with Each Score
Percentile by Number Answered
Your Score History
You have not taken this quiz